[Event "Bundesliga 0001"]
[Site "Deutschland"]
[Date "2001.02.17"]
[Round "8.5"]
[White "Von Herman, Ulf"]
[Black "Wornath, Kai Rudolf"]
[Result "1/2-1/2"]
[WhiteElo "2357"]
[BlackElo "2398"]
[PlyCount "140"]
[EventDate "2000.10.14"]
[EventType "team"]
[EventRounds "15"]
[EventCountry "GER"]
[SourceTitle "Bundesliga 0001"]
[Source "DeepChess"]
[SourceDate "2005.01.01"]
[SourceVersion "1"]
[SourceVersionDate "2005.01.01"]
[SourceQuality "1"]
[WhiteTeam "SK Koenig Tegel 1949 e.V. "]
[BlackTeam "TSV Schott Mainz"]
[WhiteTeamCountry "GER"]
[BlackTeamCountry "GER"]

1. d4 Nf6 2. c4 c5 3. d5 e6 4. Nc3 exd5 5. cxd5 Bd6 6. Nf3 O-O 7. g3 a6 8. a4
Bc7 9. Bg2 d6 10. O-O Nbd7 11. Nd2 Rb8 12. Qc2 b5 13. axb5 axb5 14. e4 Re8 15.
b3 b4 16. Nd1 Nb6 17. Ne3 Ng4 18. Nec4 Nxc4 19. Nxc4 Ne5 20. Nxe5 Rxe5 21. Bb2
Re8 22. Rfe1 Bb7 23. Bf1 Qd7 24. Bc4 Ra8 25. Rad1 Ba6 26. f4 Bxc4 27. bxc4 f6
28. Re2 Qa4 29. Qd3 Rad8 30. Kg2 Qd7 31. h3 Qf7 32. Ba1 Qg6 33. Rde1 Re7 34.
Qf3 Rde8 35. Bb2 h6 36. g4 b3 37. f5 Qf7 38. Qxb3 Ba5 39. Ra1 Rb7 40. Qc2 Bb4
41. Re3 Ra7 42. Rxa7 Qxa7 43. h4 Qe7 44. Kf3 Ra8 45. Re2 Ba3 46. Ba1 Bb4 47.
Qc1 Ra3+ 48. Kg2 Qa7 49. Bb2 Ra2 50. Rf2 Ba3 51. Bxa3 Qxa3 52. Qxa3 Rxa3 53.
Rf3 Ra2+ 54. Kg3 Rc2 55. Ra3 Rxc4 56. Kf3 Rc1 57. g5 hxg5 58. hxg5 fxg5 59. Ra6
c4 60. Rxd6 c3 61. Rc6 g4+ 62. Kg2 c2 63. d6 Rd1 64. Rxc2 Rxd6 65. Kg3 g6 66.
e5 Rd3+ 67. Kxg4 gxf5+ 68. Kg5 Kf7 69. Kxf5 Rf3+ 70. Ke4 Rf1 1/2-1/2

[Event "Bundesliga 0001"]
[Site "Deutschland"]
[Date "2001.02.17"]
[Round "8.6"]
[White "Neidhardt, Claus Ulrich"]
[Black "Pachow, Joerg"]
[Result "1-0"]
[WhiteElo "2429"]
[BlackElo "2297"]
[PlyCount "87"]
[EventDate "2000.10.14"]
[EventType "team"]
[EventRounds "15"]
[EventCountry "GER"]
[SourceTitle "Bundesliga 0001"]
[Source "DeepChess"]
[SourceDate "2005.01.01"]
[SourceVersion "1"]
[SourceVersionDate "2005.01.01"]
[SourceQuality "1"]
[WhiteTeam "TSV Schott Mainz"]
[BlackTeam "SK Koenig Tegel 1949 e.V. "]
[WhiteTeamCountry "GER"]
[BlackTeamCountry "GER"]

1. d4 Nf6 2. c4 g6 3. Nc3 Bg7 4. e4 d6 5. h3 O-O 6. Bg5 c5 7. d5 e6 8. Bd3 b5
9. Nxb5 Qb6 10. a4 Nbd7 11. Ne2 exd5 12. cxd5 c4 13. Bc2 Nc5 14. Nbc3 Nd3+ 15.
Bxd3 cxd3 16. Qxd3 Ba6 17. Nb5 Qa5+ 18. Qc3 Qd8 19. f3 h6 20. Bxf6 Bxf6 21. Qc7
Bxb5 22. Qxd8 Rfxd8 23. axb5 Rdb8 24. Nc3 a6 25. Kd2 axb5 26. Rxa8 Rxa8 27.
Nxb5 Rb8 28. Nxd6 Rxb2+ 29. Kd3 Rxg2 30. Nc4 Rf2 31. e5 Rxf3+ 32. Ke4 Rc3 33.
Kd4 Bxe5+ 34. Nxe5 Ra3 35. d6 Kf8 36. Rb1 Ra4+ 37. Kc5 Ra5+ 38. Kc6 Rxe5 39.
Rb7 Kg7 40. d7 Re6+ 41. Kc5 Re5+ 42. Kc4 Re4+ 43. Kc3 Re3+ 44. Kd2 1-0

[Event "Bundesliga 0001"]
[Site "Deutschland"]
[Date "2001.02.17"]
[Round "8.7"]
[White "Lorenz, Sascha"]
[Black "Bewersdorff, Oliver"]
[Result "0-1"]
[WhiteElo "2298"]
[BlackElo "2364"]
[PlyCount "72"]
[EventDate "2000.10.14"]
[EventType "team"]
[EventRounds "15"]
[EventCountry "GER"]
[SourceTitle "Bundesliga 0001"]
[Source "DeepChess"]
[SourceDate "2005.01.01"]
[SourceVersion "1"]
[SourceVersionDate "2005.01.01"]
[SourceQuality "1"]
[WhiteTeam "SK Koenig Tegel 1949 e.V. "]
[BlackTeam "TSV Schott Mainz"]
[WhiteTeamCountry "GER"]
[BlackTeamCountry "GER"]

1. c4 Nf6 2. g3 g6 3. Bg2 Bg7 4. Nc3 O-O 5. e4 c5 6. Nge2 Nc6 7. O-O Ne8 8. d3
Nc7 9. Rb1 d6 10. a3 a5 11. Nd5 Ne6 12. b4 axb4 13. axb4 Ned4 14. bxc5 dxc5 15.
Nec3 Ra6 16. Na4 Rxa4 17. Qxa4 Ne2+ 18. Kh1 e6 19. Nb6 Nc3 20. Qc2 Nxb1 21.
Qxb1 Nb4 22. Nxc8 Qxc8 23. Ba3 Rd8 24. Rd1 Bd4 25. f4 e5 26. f5 Bc3 27. Bh3 Qc6
28. Bxb4 cxb4 29. fxg6 hxg6 30. Rf1 Qa4 31. Qc1 Rxd3 32. Be6 Rd2 33. Rxf7 Kh8
34. Rd7 Qc2 35. Qf1 Qxe4+ 36. Kg1 Bd4+ 0-1

[Event "Bundesliga 0001"]
[Site "Deutschland"]
[Date "2001.02.17"]
[Round "8.8"]
[White "Grafl, Florian"]
[Black "Zierke, Oliver"]
[Result "1-0"]
[WhiteElo "2299"]
[BlackElo "2297"]
[PlyCount "79"]
[EventDate "2000.10.14"]
[EventType "team"]
[EventRounds "15"]
[EventCountry "GER"]
[SourceTitle "Bundesliga 0001"]
[Source "DeepChess"]
[SourceDate "2005.01.01"]
[SourceVersion "1"]
[SourceVersionDate "2005.01.01"]
[SourceQuality "1"]
[WhiteTeam "TSV Schott Mainz"]
[BlackTeam "SK Koenig Tegel 1949 e.V. "]
[WhiteTeamCountry "GER"]
[BlackTeamCountry "GER"]

1. e4 c5 2. Nf3 Nc6 3. d4 cxd4 4. Nxd4 Nf6 5. Nc3 d6 6. Bc4 e6 7. Be3 Be7 8.
Bb3 O-O 9. f4 a6 10. Qf3 Bd7 11. O-O-O Qc7 12. f5 Nxd4 13. Bxd4 exf5 14. exf5
Bc6 15. Qg3 Rac8 16. Rhe1 Kh8 17. Ne4 Bxe4 18. Rxe4 h6 19. Rh4 Kh7 20. c3 Rce8
21. Qg5 Bd8 22. Bc2 d5 23. Bd3 Rg8 24. Qd2 Ne4 25. f6 g5 26. Rh3 Rg6 27. Bxe4
dxe4 28. Re1 Qf4 29. Be3 Qxf6 30. Qd7 Qe7 31. Rd1 Re6 32. Bc5 Qxd7 33. Rxd7 b6
34. Bd4 Kg6 35. g4 e3 36. Rxe3 Rxe3 37. Bxe3 Rxe3 38. Rxd8 Re6 39. Kd2 b5 40.
Kd3 $138 1-0

[Event "Bundesliga 0001"]
[Site "Deutschland"]
[Date "2001.02.17"]
[Round "8.2"]
[White "Slobodjan, Roman"]
[Black "Ribli, Zoltan"]
[Result "1/2-1/2"]
[WhiteElo "2539"]
[BlackElo "2569"]
[PlyCount "25"]
[EventDate "2000.10.14"]
[EventType "team"]
[EventRounds "15"]
[EventCountry "GER"]
[SourceTitle "Bundesliga 0001"]
[Source "DeepChess"]
[SourceDate "2005.01.01"]
[SourceVersion "1"]
[SourceVersionDate "2005.01.01"]
[SourceQuality "1"]
[WhiteTeam "USC Magdeburg"]
[BlackTeam "TV Tegernsee"]
[WhiteTeamCountry "GER"]
[BlackTeamCountry "GER"]

1. d4 Nf6 2. Nf3 d5 3. c4 e6 4. e3 a6 5. Nbd2 c5 6. dxc5 Bxc5 7. a3 dxc4 8.
Bxc4 b5 9. Be2 Bb7 10. b4 Bb6 11. Bb2 Nbd7 12. O-O O-O 13. a4 1/2-1/2

[Event "Bundesliga 0001"]
[Site "Deutschland"]
[Date "2001.02.17"]
[Round "8.3"]
[White "Bauer, Christian"]
[Black "Baklan, Vladimir"]
[Result "1/2-1/2"]
[WhiteElo "2562"]
[BlackElo "2599"]
[PlyCount "54"]
[EventDate "2000.10.14"]
[EventType "team"]
[EventRounds "15"]
[EventCountry "GER"]
[SourceTitle "Bundesliga 0001"]
[Source "DeepChess"]
[SourceDate "2005.01.01"]
[SourceVersion "1"]
[SourceVersionDate "2005.01.01"]
[SourceQuality "1"]
[WhiteTeam "TV Tegernsee"]
[BlackTeam "USC Magdeburg"]
[WhiteTeamCountry "GER"]
[BlackTeamCountry "GER"]

1. d4 Nf6 2. Nf3 e6 3. c4 b6 4. Nc3 Bb4 5. Bg5 Bb7 6. e3 h6 7. Bh4 Bxc3+ 8.
bxc3 d6 9. Nd2 Qe7 10. f3 e5 11. e4 Nbd7 12. Bd3 Nf8 13. Nf1 Ng6 14. Bf2 Nf4
15. Ne3 g6 16. Bf1 Ne6 17. Nd5 Qd8 18. Qa4+ Nd7 19. Rd1 c6 20. Ne3 Qe7 21. Qa3
O-O 22. Bd3 exd4 23. cxd4 Nxd4 24. Ng4 c5 25. Nxh6+ Kg7 26. Ng4 f5 27. Bxd4+
cxd4 1/2-1/2

[Event "Bundesliga 0001"]
[Site "Deutschland"]
[Date "2001.02.17"]
[Round "8.5"]
[White "Stangl, Markus"]
[Black "Georgiev, Vladimir"]
[Result "0-1"]
[WhiteElo "2479"]
[BlackElo "2564"]
[PlyCount "108"]
[EventDate "2000.10.14"]
[EventType "team"]
[EventRounds "15"]
[EventCountry "GER"]
[SourceTitle "Bundesliga 0001"]
[Source "DeepChess"]
[SourceDate "2005.01.01"]
[SourceVersion "1"]
[SourceVersionDate "2005.01.01"]
[SourceQuality "1"]
[WhiteTeam "TV Tegernsee"]
[BlackTeam "USC Magdeburg"]
[WhiteTeamCountry "GER"]
[BlackTeamCountry "GER"]

1. Nf3 d6 2. c4 Nf6 3. g3 g6 4. Bg2 Bg7 5. d4 O-O 6. O-O c6 7. b3 Qa5 8. Qd2
Qh5 9. Qg5 Na6 10. Nc3 Re8 11. Qxh5 Nxh5 12. Bb2 Nf6 13. e4 e5 14. Rad1 Bg4 15.
h3 exd4 16. Rxd4 Bxf3 17. Bxf3 Nc5 18. Ba1 Re6 19. Rfd1 Ne8 20. R4d2 Bxc3 21.
Bxc3 Nxe4 22. Bxe4 Rxe4 23. Bb4 c5 24. Bc3 a6 25. Kg2 Kf8 26. Kf3 Re6 27. h4 b5
28. h5 Ke7 29. hxg6 hxg6 30. Kf4 b4 31. Bb2 a5 32. g4 Nf6 33. f3 a4 34. Kg5
Nh7+ 35. Kh6 Nf8 36. f4 axb3 37. axb3 Re3 38. Rxd6 Ne6 39. Rxe6+ Kxe6 40. Rd5
Rxb3 41. Be5 Ra6 42. Rxc5 f6 43. Bd4 Rd6 44. Ba1 Rd1 45. Rc6+ Kd7 46. Ra6 Ra3
47. Rxa3 bxa3 48. Bxf6 a2 49. Bg7 Rf1 50. Kxg6 Rxf4 51. g5 Ke6 52. c5 Rc4 53.
Bb2 Rxc5 54. Kh6 Kf7 0-1

[Event "Bundesliga 0001"]
[Site "Deutschland"]
[Date "2001.02.17"]
[Round "8.6"]
[White "Proehl, Holger"]
[Black "Kachiani Gersinska, Ketino"]
[Result "0-1"]
[WhiteElo "2386"]
[BlackElo "2448"]
[PlyCount "80"]
[EventDate "2000.10.14"]
[EventType "team"]
[EventRounds "15"]
[EventCountry "GER"]
[SourceTitle "Bundesliga 0001"]
[Source "DeepChess"]
[SourceDate "2005.01.01"]
[SourceVersion "1"]
[SourceVersionDate "2005.01.01"]
[SourceQuality "1"]
[WhiteTeam "USC Magdeburg"]
[BlackTeam "TV Tegernsee"]
[WhiteTeamCountry "GER"]
[BlackTeamCountry "GER"]

1. e4 c6 2. d4 d5 3. Nd2 dxe4 4. Nxe4 Bf5 5. Ng3 Bg6 6. Nf3 Nd7 7. Bd3 Ngf6 8.
O-O e6 9. Re1 Qc7 10. c3 O-O-O 11. Qe2 Bd6 12. a4 Bxd3 13. Qxd3 c5 14. a5 a6
15. Bd2 Kb8 16. Qe2 h5 17. Nf1 Nd5 18. c4 Nf4 19. Bxf4 Bxf4 20. dxc5 Nxc5 21.
Ra3 g5 22. b4 Nd7 23. N3d2 Qe5 24. g3 Qxe2 25. Rxe2 Bc7 26. Kg2 h4 27. f3 Ne5
28. Ne4 h3+ 29. Kg1 Nxc4 30. Rc3 Nd6 31. Nxg5 Nb5 32. Rxc7 Kxc7 33. Nxf7 Nd4
34. Re3 Rdf8 35. Rc3+ Kb8 36. Rd3 Rxf7 37. Rxd4 Rxf3 38. Nd2 Ra3 39. Kf2 e5 40.
Rd5 Rf8+ 0-1

[Event "Bundesliga 0001"]
[Site "Deutschland"]
[Date "2001.02.17"]
[Round "8.7"]
[White "Pezerovic, Edin"]
[Black "Markgraf, Alexander"]
[Result "1-0"]
[WhiteElo "2426"]
[BlackElo "2274"]
[PlyCount "83"]
[EventDate "2000.10.14"]
[EventType "team"]
[EventRounds "15"]
[EventCountry "GER"]
[SourceTitle "Bundesliga 0001"]
[Source "DeepChess"]
[SourceDate "2005.01.01"]
[SourceVersion "1"]
[SourceVersionDate "2005.01.01"]
[SourceQuality "1"]
[WhiteTeam "TV Tegernsee"]
[BlackTeam "USC Magdeburg"]
[WhiteTeamCountry "GER"]
[BlackTeamCountry "GER"]

1. Nf3 g6 2. d4 Bg7 3. g3 d6 4. Bg2 f5 5. O-O Nf6 6. c4 O-O 7. Nc3 Qe8 8. d5
Na6 9. Nd4 Bd7 10. Nc2 c6 11. Rb1 Nc7 12. a3 h6 13. Qd3 Qf7 14. f4 Rac8 15. Be3
a6 16. Rbc1 cxd5 17. cxd5 Nb5 18. Na4 Ng4 19. Bd2 Rxc2 20. Rxc2 Nd4 21. Rc4 Bb5
22. Nc3 Bxc4 23. Qxc4 b5 24. Qd3 Nb3 25. e3 Rc8 26. Ne2 Nxd2 27. Qxd2 Qe8 28.
Rc1 Qd7 29. h3 Nf6 30. Rc6 Ra8 31. Nd4 Ne8 32. Ne6 Bf6 33. Qc2 Qb7 34. g4 Qa7
35. Kf2 Ng7 36. Rc8+ Ne8 37. gxf5 g5 38. fxg5 hxg5 39. Qc6 Rxc8 40. Qxc8 Kf7
41. Nd8+ Kf8 42. Qe6 1-0

[Event "Bundesliga 0001"]
[Site "Deutschland"]
[Date "2001.02.17"]
[Round "8.8"]
[White "Meier, Volker"]
[Black "Bromberger, Stefan"]
[Result "0-1"]
[WhiteElo "2288"]
[BlackElo "2375"]
[PlyCount "152"]
[EventDate "2000.10.14"]
[EventType "team"]
[EventRounds "15"]
[EventCountry "GER"]
[SourceTitle "Bundesliga 0001"]
[Source "DeepChess"]
[SourceDate "2005.01.01"]
[SourceVersion "1"]
[SourceVersionDate "2005.01.01"]
[SourceQuality "1"]
[WhiteTeam "USC Magdeburg"]
[BlackTeam "TV Tegernsee"]
[WhiteTeamCountry "GER"]
[BlackTeamCountry "GER"]

1. e4 c5 2. Nf3 d6 3. d4 cxd4 4. Qxd4 Nc6 5. Bb5 Bd7 6. Bxc6 Bxc6 7. Nc3 Nf6 8.
Bg5 e6 9. O-O-O Be7 10. Qd3 O-O 11. Nd4 Qc7 12. f4 Rfd8 13. h4 Rac8 14. Kb1 Bd7
15. f5 Qc4 16. Rhf1 Qxd3 17. Rxd3 h6 18. Bxf6 Bxf6 19. Ndb5 Rc5 20. Nxd6 Bc6
21. fxe6 fxe6 22. g3 Be5 23. Rfd1 Rf8 24. a4 Bxc3 25. Rxc3 Rxc3 26. bxc3 Rd8
27. e5 Bxa4 28. Kb2 Bc6 29. c4 Rf8 30. Rd3 Rf2 31. Re3 a6 32. c5 Kh7 33. Rb3
Re2 34. Nc4 Bd5 35. Rc3 Re4 36. Na5 Rxe5 37. c6 bxc6 38. Nxc6 Re2 39. Nb4 a5
40. Nxd5 exd5 41. Rd3 Re5 42. Kb3 Kg6 43. Ka4 Kf5 44. Kxa5 Ke4 45. Kb4 Re8 46.
Kc3 Rc8+ 47. Kd2 d4 48. Ra3 Rc6 49. Ra7 Rg6 50. Ra3 Rf6 51. Ke2 Rc6 52. Kd2 g5
53. hxg5 hxg5 54. Ra5 g4 55. Ra3 Rh6 56. Ra4 Rh2+ 57. Kd1 Rg2 58. c3 Rxg3 59.
Rxd4+ Ke3 60. Rd8 Rg2 61. Re8+ Kf3 62. Rf8+ Kg3 63. c4 Rf2 64. Rg8 Rf4 65. c5
Kf2 66. Kd2 g3 67. c6 Rf6 68. c7 Rd6+ 69. Kc3 Rc6+ 70. Kd2 Rxc7 71. Rf8+ Kg1
72. Ke2 g2 73. Rh8 Re7+ 74. Kd2 Re5 75. Rh7 Kf2 76. Rf7+ Kg3 0-1

[Event "Bundesliga 0001"]
[Site "Deutschland"]
[Date "2001.02.18"]
[Round "9.1"]
[White "Dautov, Rustem"]
[Black "Aronian, Levon"]
[Result "1-0"]
[WhiteElo "2606"]
[BlackElo "2551"]
[PlyCount "125"]
[EventDate "2000.10.14"]
[EventType "team"]
[EventRounds "15"]
[EventCountry "GER"]
[SourceTitle "Bundesliga 0001"]
[Source "DeepChess"]
[SourceDate "2005.01.01"]
[SourceVersion "1"]
[SourceVersionDate "2005.01.01"]
[SourceQuality "1"]
[WhiteTeam "Godesberger SK 1929"]
[BlackTeam "SV Wattenscheid 1930"]
[WhiteTeamCountry "GER"]
[BlackTeamCountry "GER"]

1. d4 Nf6 2. c4 e6 3. Nf3 Bb4+ 4. Bd2 Qe7 5. g3 Nc6 6. Nc3 Bxc3 7. Bxc3 Ne4 8.
Qc2 Nxc3 9. Qxc3 O-O 10. Bg2 d6 11. d5 Nd8 12. O-O e5 13. e4 c5 14. Ne1 Bd7 15.
a4 a5 16. f4 f6 17. Nd3 b6 18. b3 Nf7 19. Rae1 Nh6 20. Qd2 Nf7 21. Nf2 g6 22.
Bh3 Kg7 23. Bxd7 Qxd7 24. Nd1 Rae8 25. f5 Rh8 26. Qe2 Reg8 27. fxg6 hxg6 28.
Qf3 Qd8 29. h4 g5 30. h5 Nh6 31. Ne3 Rf8 32. Re2 Qd7 33. Rh2 Rf7 34. Qe2 Kf8
35. Nf5 Nxf5 36. Rxf5 Rh6 37. Rhf2 Kg7 38. Qf3 Kf8 39. Qg4 Kg8 40. Qf3 Kf8 41.
Kg2 Kg8 42. Qg4 Kh8 43. Qxg5 fxg5 44. Rxf7 Qxf7 45. Rxf7 g4 46. Rb7 Rf6 47.
Rxb6 Kh7 48. Ra6 Rf3 49. Rxd6 Rxb3 50. Rc6 Rb2+ 51. Kf1 Rb1+ 52. Ke2 Rb2+ 53.
Kd1 Rb3 54. Rxc5 Rxg3 55. Ke2 Rg2+ 56. Kf1 Rd2 57. Rc6 Ra2 58. d6 g3 59. c5
Rf2+ 60. Kg1 Rd2 61. Rc8 Kg7 62. Re8 Kf6 63. c6 1-0

[Event "Bundesliga 0001"]
[Site "Deutschland"]
[Date "2001.02.18"]
[Round "9.3"]
[White "Kengis, Edvins"]
[Black "Hall, Jesper"]
[Result "1/2-1/2"]
[WhiteElo "2589"]
[BlackElo "2498"]
[PlyCount "40"]
[EventDate "2000.10.14"]
[EventType "team"]
[EventRounds "15"]
[EventCountry "GER"]
[SourceTitle "Bundesliga 0001"]
[Source "DeepChess"]
[SourceDate "2005.01.01"]
[SourceVersion "1"]
[SourceVersionDate "2005.01.01"]
[SourceQuality "1"]
[WhiteTeam "Godesberger SK 1929"]
[BlackTeam "SV Wattenscheid 1930"]
[WhiteTeamCountry "GER"]
[BlackTeamCountry "GER"]

1. Nf3 c5 2. c4 Nc6 3. Nc3 e5 4. d3 g6 5. g3 d6 6. a3 Bg7 7. Rb1 a5 8. Bg2 Nge7
9. Bg5 f6 10. Bd2 Be6 11. O-O O-O 12. Ne1 Qd7 13. Nc2 d5 14. cxd5 Nxd5 15. Na4
Qd6 16. Ne3 Nxe3 17. Bxe3 Nd4 18. Bxd4 cxd4 19. b4 Rfb8 20. Qd2 axb4 1/2-1/2

[Event "Bundesliga 0001"]
[Site "Deutschland"]
[Date "2001.02.18"]
[Round "9.4"]
[White "Handke, Florian"]
[Black "Kveinys, Aloyzas"]
[Result "0-1"]
[WhiteElo "2455"]
[BlackElo "2522"]
[PlyCount "106"]
[EventDate "2000.10.14"]
[EventType "team"]
[EventRounds "15"]
[EventCountry "GER"]
[SourceTitle "Bundesliga 0001"]
[Source "DeepChess"]
[SourceDate "2005.01.01"]
[SourceVersion "1"]
[SourceVersionDate "2005.01.01"]
[SourceQuality "1"]
[WhiteTeam "SV Wattenscheid 1930"]
[BlackTeam "Godesberger SK 1929"]
[WhiteTeamCountry "GER"]
[BlackTeamCountry "GER"]

1. e4 c5 2. Nf3 d6 3. d4 cxd4 4. Nxd4 Nf6 5. Nc3 Nc6 6. Bg5 e6 7. Qd2 Be7 8.
O-O-O O-O 9. Nb3 Qb6 10. f3 Rd8 11. Kb1 d5 12. Bxf6 Bxf6 13. exd5 Bxc3 14. Qxc3
exd5 15. Qc5 d4 16. Qxb6 axb6 17. Bc4 Ne5 18. Bb5 Be6 19. Rxd4 Rxd4 20. Nxd4
Bxa2+ 21. Kc1 Bc4 22. Re1 Ra1+ 23. Kd2 Rxe1 24. Kxe1 Bxb5 25. Nxb5 Nc4 26. b3
Ne3 27. Kd2 Nxg2 28. Nd6 Kf8 29. Nc8 g5 30. c4 h5 31. Ke2 f5 32. Nxb6 Ke7 33.
Nd5+ Kd6 34. Kf2 Nh4 35. Nf6 Ke6 36. Nxh5 f4 37. b4 Nf5 38. c5 Kf7 39. b5 Kg6
40. Ng3 fxg3+ 41. hxg3 Kf6 42. f4 gxf4 43. gxf4 Ke6 44. Kf3 Nd4+ 45. Ke4 Nxb5
46. f5+ Kf6 47. Kf4 Nc3 48. Ke3 Kxf5 49. Kd4 Nb5+ 50. Kd5 Kf6 51. Kc4 Nc7 52.
Kb4 Ke6 53. Ka5 Nd5 0-1

[Event "Bundesliga 0001"]
[Site "Deutschland"]
[Date "2001.02.18"]
[Round "9.5"]
[White "Langheinrich, Ferenc"]
[Black "Holzke, Frank"]
[Result "1/2-1/2"]
[WhiteElo "2384"]
[BlackElo "2470"]
[PlyCount "48"]
[EventDate "2000.10.14"]
[EventType "team"]
[EventRounds "15"]
[EventCountry "GER"]
[SourceTitle "Bundesliga 0001"]
[Source "DeepChess"]
[SourceDate "2005.01.01"]
[SourceVersion "1"]
[SourceVersionDate "2005.01.01"]
[SourceQuality "1"]
[WhiteTeam "Godesberger SK 1929"]
[BlackTeam "SV Wattenscheid 1930"]
[WhiteTeamCountry "GER"]
[BlackTeamCountry "GER"]

1. e4 e6 2. d4 d5 3. Nc3 Nf6 4. e5 Nfd7 5. f4 c5 6. Nf3 Nc6 7. Be3 a6 8. Qd2 b5
9. dxc5 Bxc5 10. Bxc5 Nxc5 11. Qf2 Qb6 12. b4 Nd7 13. a4 Qxf2+ 14. Kxf2 bxa4
15. b5 axb5 16. Bxb5 Bb7 17. Nxa4 Ke7 18. c4 dxc4 19. Rhd1 Rhc8 20. Rxd7+ Kxd7
21. Nb6+ Ke7 22. Rxa8 Rxa8 23. Nxa8 Bxa8 24. Bxc4 h6 1/2-1/2

[Event "Bundesliga 0001"]
[Site "Deutschland"]
[Date "2001.02.18"]
[Round "9.6"]
[White "Straeter, Timo"]
[Black "Jackelen, Thomas"]
[Result "0-1"]
[WhiteElo "2370"]
[BlackElo "2373"]
[PlyCount "116"]
[EventDate "2000.10.14"]
[EventType "team"]
[EventRounds "15"]
[EventCountry "GER"]
[SourceTitle "Bundesliga 0001"]
[Source "DeepChess"]
[SourceDate "2005.01.01"]
[SourceVersion "1"]
[SourceVersionDate "2005.01.01"]
[SourceQuality "1"]
[WhiteTeam "SV Wattenscheid 1930"]
[BlackTeam "Godesberger SK 1929"]
[WhiteTeamCountry "GER"]
[BlackTeamCountry "GER"]

1. d4 Nf6 2. c4 g6 3. Nc3 d5 4. cxd5 Nxd5 5. g3 Bg7 6. Bg2 Nb6 7. Nf3 Nc6 8. e3
O-O 9. O-O Re8 10. d5 Na5 11. Nd4 Bd7 12. e4 c6 13. b3 cxd5 14. exd5 Rc8 15.
Bb2 Nbc4 16. bxc4 Qb6 17. Ncb5 Nxc4 18. Bc3 Bxb5 19. Nxb5 Qxb5 20. Bxg7 Kxg7
21. Qd4+ Kg8 22. Qxa7 Nd6 23. Qd4 Rc2 24. a4 Qc4 25. Qe5 Qc3 26. Qg5 Kg7 27.
Rac1 Rxc1 28. Rxc1 Qf6 29. Qg4 h5 30. Qb4 h4 31. a5 Rh8 32. Bf1 Rh5 33. Rd1 Kh7
34. Be2 Re5 35. Bf1 Re4 36. Qd2 Nf5 37. Bg2 Rd4 38. Qe2 Rxd1+ 39. Qxd1 Qc3 40.
Bh3 hxg3 41. hxg3 Nd6 42. a6 bxa6 43. Qe2 Qc1+ 44. Bf1 a5 45. Qxe7 Qc5 46. Bg2
Qb4 47. Kh2 Kg8 48. Bh3 Qc5 49. Bg2 a4 50. f4 Qb6 51. f5 gxf5 52. Bh3 a3 53.
Qg5+ Kf8 54. Qh6+ Ke8 55. Bxf5 Qf2+ 56. Kh1 Qf3+ 57. Kh2 Qxg3+ 58. Kh1 a2 0-1

[Event "Bundesliga 0001"]
[Site "Deutschland"]
[Date "2001.02.18"]
[Round "9.7"]
[White "Seger, Ruediger"]
[Black "Blecken, Volker"]
[Result "1/2-1/2"]
[WhiteElo "2399"]
[BlackElo "2275"]
[PlyCount "85"]
[EventDate "2000.10.14"]
[EventType "team"]
[EventRounds "15"]
[EventCountry "GER"]
[SourceTitle "Bundesliga 0001"]
[Source "DeepChess"]
[SourceDate "2005.01.01"]
[SourceVersion "1"]
[SourceVersionDate "2005.01.01"]
[SourceQuality "1"]
[WhiteTeam "Godesberger SK 1929"]
[BlackTeam "SV Wattenscheid 1930"]
[WhiteTeamCountry "GER"]
[BlackTeamCountry "GER"]

1. e4 c6 2. d4 d5 3. Nc3 dxe4 4. Nxe4 Nd7 5. Ng5 Ngf6 6. Bd3 g6 7. N1f3 Bg7 8.
O-O O-O 9. Re1 h6 10. Ne4 Qc7 11. c3 b6 12. Nxf6+ exf6 13. Qb3 f5 14. g3 c5 15.
Bf4 Qb7 16. Bf1 Nf6 17. Bg2 Ne4 18. Rad1 Be6 19. d5 Bd7 20. Ne5 g5 21. Nxd7
Qxd7 22. Bc1 Nd6 23. a4 Rab8 24. Bf1 Rbc8 25. Ba6 Rc7 26. Be2 Re8 27. Qc2 Re4
28. Bd3 Rxa4 29. Re3 c4 30. Bf1 Ra1 31. Qe2 b5 32. Qh5 a5 33. h4 Ne4 34. hxg5
hxg5 35. Bg2 Rc5 36. Bxe4 fxe4 37. Qxg5 f5 38. Kg2 Rxd5 39. Rh1 Rd1 40. Rxd1
Qxd1 41. Qxf5 Rxc1 42. Qe6+ Kf8 43. Qf5+ 1/2-1/2

[Event "Bundesliga 0001"]
[Site "Deutschland"]
[Date "2001.02.18"]
[Round "9.8"]
[White "Thiel, Thomas"]
[Black "Breder, Dennis"]
[Result "0-1"]
[WhiteElo "2301"]
[BlackElo "2336"]
[PlyCount "154"]
[EventDate "2000.10.14"]
[EventType "team"]
[EventRounds "15"]
[EventCountry "GER"]
[SourceTitle "Bundesliga 0001"]
[Source "DeepChess"]
[SourceDate "2005.01.01"]
[SourceVersion "1"]
[SourceVersionDate "2005.01.01"]
[SourceQuality "1"]
[WhiteTeam "SV Wattenscheid 1930"]
[BlackTeam "Godesberger SK 1929"]
[WhiteTeamCountry "GER"]
[BlackTeamCountry "GER"]

1. e4 c5 2. Nf3 d6 3. d4 Nf6 4. Nc3 cxd4 5. Nxd4 Nc6 6. Be3 Ng4 7. Bb5 Nxe3 8.
fxe3 Bd7 9. O-O e6 10. Bxc6 bxc6 11. Qf3 Qf6 12. Qe2 Qg5 13. Rf3 Be7 14. Rg3
Qh6 15. Qa6 O-O 16. Nxc6 Bxc6 17. Qxc6 Rab8 18. Nd1 Qh4 19. c3 Rb6 20. Qa4 Bf6
21. Rf3 Be5 22. g3 Qg4 23. Rf2 h5 24. Qxa7 Rbb8 25. Qa6 h4 26. Qe2 Qxe4 27. Qf3
Qg6 28. Rg2 hxg3 29. hxg3 Rfc8 30. a4 Rc4 31. a5 d5 32. a6 f6 33. Nf2 Rxb2 34.
Nd3 Rxg2+ 35. Qxg2 Rc8 36. Nxe5 fxe5 37. a7 Ra8 38. Qf3 Qd3 39. g4 Qxc3 40. Rb1
Qc7 41. e4 Qxa7+ 42. Kh1 Qd4 43. Rf1 Qxe4 44. Qxe4 dxe4 45. Re1 Ra2 46. Rxe4
Kf7 47. Rxe5 Ra4 48. g5 Rf4 49. Ra5 Rf5 50. Ra7+ Kg6 51. Re7 e5 52. Kg2 Rxg5+
53. Kf3 Kf6 54. Re8 Rf5+ 55. Ke3 g6 56. Ke4 Rf4+ 57. Ke3 Ra4 58. Rf8+ Kg5 59.
Re8 Kf5 60. Rf8+ Kg4 61. Re8 Ra3+ 62. Ke4 Ra1 63. Ke3 g5 64. Rb8 Re1+ 65. Kf2
Re4 66. Re8 Rf4+ 67. Kg2 Kf5 68. Ra8 Rb4 69. Ra2 e4 70. Ra1 Kg4 71. Kf2 Kf4 72.
Re1 g4 73. Ra1 e3+ 74. Kg2 Rb2+ 75. Kg1 Kg3 76. Re1 Rb3 77. Ra1 e2 0-1

[Event "Bundesliga 0001"]
[Site "Deutschland"]
[Date "2001.02.18"]
[Round "9.2"]
[White "Dorfman, Josif D"]
[Black "Kishnev, Sergey"]
[Result "1-0"]
[WhiteElo "2600"]
[BlackElo "2495"]
[PlyCount "57"]
[EventDate "2000.10.14"]
[EventType "team"]
[EventRounds "15"]
[EventCountry "GER"]
[SourceTitle "Bundesliga 0001"]
[Source "DeepChess"]
[SourceDate "2005.01.01"]
[SourceVersion "1"]
[SourceVersionDate "2005.01.01"]
[SourceQuality "1"]
[WhiteTeam "Hamburger SK 1830 e.V."]
[BlackTeam "SC Hassel KS Gelsenkirchen"]
[WhiteTeamCountry "GER"]
[BlackTeamCountry "GER"]

1. c4 e5 2. g3 Nc6 3. Bg2 g6 4. Nc3 Bg7 5. Rb1 a5 6. e3 d6 7. Nge2 h5 8. h3 f5
9. h4 Be6 10. b3 f4 11. exf4 Bg4 12. fxe5 dxe5 13. d3 e4 14. Nxe4 Nd4 15. f3
Nxf3+ 16. Bxf3 Bxf3 17. O-O Bg4 18. Bg5 Ne7 19. Qd2 Bf5 20. Nf6+ Bxf6 21. Bxf6
O-O 22. Rxf5 gxf5 23. Qh6 Rxf6 24. Qxf6 Qxd3 25. Qg5+ Kf8 26. Re1 Qe4 27. Kf2
Rd8 28. Nc3 Qc2+ 29. Re2 1-0